000 nam a22 a 4500
999 _c4089
_d4089
003 AKMAL
005 20170525105532.0
008 417052s2001 my 00 eng d
020 _a9838710067:
_cRM150.00
040 _aAKMAL
082 0 4 _a910.41 SHA
_222
090 0 0 _a910.41
_bSHA
245 0 0 _aOcean wild :
_bJalur Gemilang challenge = Meredah samudera :
_bcabaran Jalur Gemilang
260 _aKuala Lumpur :
_bThe New Straits Times Press,
_c2001
300 0 0 _a155p. :
_bcol. ill. ;
_c30cm
500 _aTexts in English and Malay
600 0 0 _aAzhar Mansor,
_cDatuk
_xJourneys
_98002
650 0 _aVoyages around the world
_xPersonal narratives
_98003
650 0 _aVoyages and travels
_98004
740 0 2 _aMeredah samudera
942 _2ddc
_cBOOK